| 000 | 00352nam a22001337a 4500 | ||
|---|---|---|---|
| 008 | 090218t xxu||||| |||| 00| 0 eng d | ||
| 020 | _a 0007221657 | ||
| 082 |
_a 349.4103 _bDEF |
||
| 245 |
_aCollins dictionary of law / _cW.J. Stewart. |
||
| 250 | _a3rd ed. | ||
| 260 |
_a Glasgow : _b Collins, _c2006 |
||
| 300 |
_a474 p. ; _c20 cm. |
||
| 942 |
_2ddc _cBB |
||
| 999 |
_c10877 _d10877 |
||